000 00486nam a2200145 4500
999 _c9402
_d9402
008 151026b xxu||||| |||| 00| 0 eng d
020 _a9789966469939
050 _aPR 9381.9 .M19 1997
100 _aMacgoye Marjorie O.
245 _aChira /
_cMarjorie O. Macgaye
260 _aNairobi:
_bEast African Educational Publishers,
_c1997.
300 _a175p. ;
_c18cm.
650 _aWomen Kenya.
942 _2lcc
_cAFRICANA
_hPR 9381.9 .M19 1997
_02